Statystyki dla Największe aglomeracje w Portugalii

Kliknij tutaj aby rozwiązać quiz!

Ogólne statystyki

  • Ten quiz został rozwiązany 50 razy
  • Średni wynik to 5 z 11

Statystyki odpowiedzi

MiejsceMieszkańcyNazwa% Poprawnych
1.2 818 000Aglomeracja Lizbońska
100%
2.1 758 531Aglomeracja Porto
100%
4.250 000Aglomeracja Braga
72%
10.118 000Aglomeracja Faro
39%
3.270 000Aglomeracja Coimbra
35%
5.210 000Aglomeracja Funchal
35%
7.140,000Aglomeracja Aveiro
26%
6.180 000Aglomeracja Guimarães
24%
11.110 000Aglomeracja Viseu
11%
8.120 000Aglomeracja Ponta Delgada
9%
9.120 000Aglomeracja Vila Franca de Xira
2%

Rozkład punktacji

Percentyl według liczby udzielonych odpowiedzi

Procent ludzi z każdym wynikiem

Twoja historia wyników

Nie rozwiązałeś tego quizu